Diminuto y el monstruo subterráneo /

¿Cómo compartir los sueños con alguien si se es un monstruo extremadamente feo y sucio, que vive oculto en un pantano? Este problema aqueja a Wulfrano, que no encuentra solución a su vida solitaria

Guardado en:
Autor Principal: Cinetto, Liliana
Otros Autores: López, Anabella; il.
Formato: Libro
Publicado: Buenos Aires : Ríos de tinta, 2013.
Edición:3a. reimpr.
Series:Huellas
Materias:
Etiquetas: Agregar Etiqueta
Sin Etiquetas, Sea el primero en etiquetar este registro!
LEADER 00972nam a22002655a 4500
001 CEM.cems020027
008 230425s2013##################000#0#####d
005 20230425132559.0
245 1 0 |a Diminuto y el monstruo subterráneo /  |c Liliana Cinetto ; ilustrado por Anabella López. 
250 |a 3a. reimpr. 
260 |a Buenos Aires :  |b Ríos de tinta,  |c 2013. 
300 |a 72 p. 
490 1 |a Huellas 
500 |a Desde 7 años. 
520 |a ¿Cómo compartir los sueños con alguien si se es un monstruo extremadamente feo y sucio, que vive oculto en un pantano? Este problema aqueja a Wulfrano, que no encuentra solución a su vida solitaria 
020 |a 9789871789047 
100 1 |a Cinetto, Liliana 
700 1 |a López, Anabella; il. 
082 0 4 |a A863.4 
653 |a Literatura 
653 |a Literatura Argentina 
653 |a Literatura Infantil 
653 |a Novela 
653 |a Novela Infantil 
859 |a CEMS  |b BIB. CEMS - Agricultura  |h A863.4  |i C574  |p A3532.23  |t Ej.1